000 00578nam a2200229Ia 4500
003 OSt
005 20220918175748.0
006 a|||||r|||| 00| 0
007 ta
008 220917b |||||||| |||| 00| 0 eng d
024 _a18,883
037 _cTextual
040 _aARTS
_cARTS
_beng
041 _2eng
_aeng
082 _aO111,1J80x, B8
100 _aTylor John
_954835
245 0 _aEarly prose and poetical works
260 _c1888
650 _aENGLISH LITERATURE
942 _hO111,1J80x, B8
_cTEXL
_2CC
999 _c158923
_d158923